| Поле | Инд. | ПП | Название | Значение |
|---|---|---|---|---|
| Тип записи | a | |||
| Библиографический уровень | m | |||
| 001 | Контрольный номер | 876c5bbaa8664391be90b8f72312c6fc | ||
| 005 | Дата корректировки | 20160714092028.4 | ||
| 008 | Кодируемые данные | 160713|||||||||ru |||||||||||||||||rus|| | ||
| 020 | a | ISBN | 978-5-4444-0266-5 | |
| 041 | 0_ | a | Код языка текста | rus |
| 084 | a | Индекс другой классификации/Индекс ББК | 86 | |
| 090 | a | Полочн. индекс | 86 | |
| x | Авторский знак | С 43 | ||
| 100 | 1_ | a | Автор | Скляров А. Ю. |
| 245 | 10 | a | Заглавие | Опасное наследие богов |
| 260 | a | Место издания | Москва | |
| b | Издательство | Вече | ||
| c | Дата издания | 2013 | ||
| 300 | a | Объем | 318 с. | |
| 440 | _0 | a | Серия | Великие тайны истории |
| 650 | 04 | a | Основная рубрика | Религиоведение |
| 653 | 0_ | a | Ключевые слова | Бог; Боги; Мифология богов |
| 901 | t | Тип документа | m |